<?xml version="1.0" encoding="UTF-8"?>
<collection xmlns="http://www.loc.gov/MARC21/slim">
 <record>
  <leader>01129oam2a2200277   4500</leader>
  <controlfield tag="001">in00000005307</controlfield>
  <controlfield tag="005">20251129125603.5</controlfield>
  <datafield tag="010" ind1=" " ind2=" ">
   <subfield code="a">978-7-121-50266-8</subfield>
   <subfield code="d">CNY119.00</subfield>
  </datafield>
  <datafield tag="035" ind1=" " ind2=" ">
   <subfield code="a">013279768</subfield>
  </datafield>
  <datafield tag="100" ind1=" " ind2=" ">
   <subfield code="a">20250616d2025    em y0chiy50      ea</subfield>
  </datafield>
  <datafield tag="101" ind1="0" ind2=" ">
   <subfield code="a">chi</subfield>
  </datafield>
  <datafield tag="102" ind1=" " ind2=" ">
   <subfield code="a">CN</subfield>
   <subfield code="b">110000</subfield>
  </datafield>
  <datafield tag="105" ind1=" " ind2=" ">
   <subfield code="a">a   z   000yy</subfield>
  </datafield>
  <datafield tag="106" ind1=" " ind2=" ">
   <subfield code="a">r</subfield>
  </datafield>
  <datafield tag="200" ind1="1" ind2=" ">
   <subfield code="a">具身智能原理与实践</subfield>
   <subfield code="9">ju shen zhi neng yuan li yu shi jian</subfield>
   <subfield code="f">林倞，张瑞茂，吴贺丰著</subfield>
  </datafield>
  <datafield tag="210" ind1=" " ind2=" ">
   <subfield code="a">北京</subfield>
   <subfield code="c">电子工业出版社</subfield>
   <subfield code="d">2025</subfield>
  </datafield>
  <datafield tag="215" ind1=" " ind2=" ">
   <subfield code="a">10,286页</subfield>
   <subfield code="c">彩图</subfield>
   <subfield code="d">24cm</subfield>
  </datafield>
  <datafield tag="225" ind1="1" ind2=" ">
   <subfield code="a">通用智能与大模型丛书</subfield>
  </datafield>
  <datafield tag="330" ind1=" " ind2=" ">
   <subfield code="a">本书共八章，内容包括：具身智能概述、具身智能基础技术、感知与环境理解、视觉增强的导航、视觉辅助的操控技术、视觉驱动的任务规划、多智能体交互、仿真平台入门。</subfield>
  </datafield>
  <datafield tag="461" ind1=" " ind2="0">
   <subfield code="1">2001 </subfield>
   <subfield code="a">通用智能与大模型丛书</subfield>
  </datafield>
  <datafield tag="606" ind1="0" ind2=" ">
   <subfield code="a">人工智能</subfield>
  </datafield>
  <datafield tag="690" ind1=" " ind2=" ">
   <subfield code="a">TP18</subfield>
   <subfield code="v">5</subfield>
  </datafield>
  <datafield tag="701" ind1=" " ind2="0">
   <subfield code="a">林倞</subfield>
   <subfield code="9">lin jing</subfield>
   <subfield code="4">著</subfield>
  </datafield>
  <datafield tag="701" ind1=" " ind2="0">
   <subfield code="a">张瑞茂</subfield>
   <subfield code="9">zhang rui mao</subfield>
   <subfield code="4">著</subfield>
  </datafield>
  <datafield tag="701" ind1=" " ind2="0">
   <subfield code="a">吴贺丰</subfield>
   <subfield code="9">wu he feng</subfield>
   <subfield code="4">著</subfield>
  </datafield>
  <datafield tag="999" ind1="f" ind2="f">
   <subfield code="s">8f15e416-8668-4625-99b5-d5cdaf763c54</subfield>
   <subfield code="i">a752268f-569d-4779-87e8-712ec566609b</subfield>
  </datafield>
 </record>
</collection>
